00376nam a2200145Ia 450000500170000000800410001702000060005808200130006410000160007724500580009326000330015130000170018465000200020165000090022120240531010419.0240331s9999 xx 000 0 und d a  bAMEa340 aAmeen,A.H.G 4aThe quazi court procedure and practice cA.H.G. Ameen aColombobAl-Ameen Law Centre avi, 122 p ., aRole of a Quazi aLaws